| 000 | 00296 a2200109 4500 | ||
|---|---|---|---|
| 020 | _a0872621979 | ||
| 082 | _a627.83 WIL | ||
| 100 | _aWilson,Stanley. D. | ||
| 245 |
_aEarth and Rockfill Dams :Selected papers _cS. J.Wilson |
||
| 260 |
_aNew York : _bASCE, _c1979. |
||
| 300 |
_aVariuose pages : _bill. ; _c27 cm. |
||
| 650 | _aDams | ||
| 999 |
_c576 _d576 |
||